Charakteristika národohospodárskych štruktúr krajín socialistického spoločenstva RVHP na počiatku 80-tých rokov a tendencie ich vzájomnej adaptácie čiastková úloha ŠPZV VIII-2-5/4

Gespeichert in:
Bibliographische Detailangaben
Format: Buch
Sprache:Slowakisch
Veröffentlicht: Bratislava Vysoká škola ekonomická 1982
Tags: Tag hinzufügen
Keine Tags, Fügen Sie das erste Tag hinzu!

MARC

LEADER 00000nam a2200000 4500
001 c134774
005 20250708101115.3
041 0 |a slo 
044 |a SK 
245 1 0 |a Charakteristika národohospodárskych štruktúr krajín socialistického spoločenstva RVHP na počiatku 80-tých rokov a tendencie ich vzájomnej adaptácie  |b čiastková úloha ŠPZV VIII-2-5/4 
264 1 |a Bratislava  |b Vysoká škola ekonomická  |c 1982 
300 |a 113 s.